000
00251nam a22000977a 4500
999
_c
11641
_d
11641
008
190923b ||||| |||| 00| 0 eng d
020
_a
9789388788847
100
_a
Goyal
_9
7344
245
_a
Score Well Science-X
260
_a
New Delhi
_b
Goyal Brothers
_c
2019